Understanding media = Comprender los medios de comunicación /
Kaydedildi:
| Yazar: | |
|---|---|
| Materyal Türü: | Bilinmiyor |
| Dil: | English |
| Baskı/Yayın Bilgisi: |
New York :
McGraw-Hill,
1994.
|
| Konular: | |
| Etiketler: |
Etiketle
Etiket eklenmemiş, İlk siz ekleyin!
|
MARC
| LEADER | 000000000a22000000004500 | ||
|---|---|---|---|
| 001 | 013232 | ||
| 041 | 0 | |a eng | |
| 082 | 0 | 4 | |a 302.23 |b M164u |
| 100 | 1 | |a McLuhan, Marshall, |d 1911-1980. | |
| 245 | 1 | 0 | |a Understanding media = |b Comprender los medios de comunicación / |c Marshall McLuhan. |
| 246 | 3 | 1 | |a Comprender los medios de comunicación |
| 260 | 1 | |a New York : |b McGraw-Hill, |c 1994. | |
| 300 | |a 365 páginas ; |c 23 cm. | ||
| 650 | 4 | |a MEDIOS DE COMUNICACION | |
| 650 | 4 | |a COMUNICACION | |
| 650 | 4 | |a TECNOLOGIA | |
| 500 | |a Colección George Yúdice | ||
| 999 | |c 19166 |d 19166 | ||
| 942 | |c BK |h 302.23 M164u |2 z | ||
